[Event "World ol U16"]
[Site "Corum"]
[Date "2019.11.04"]
[Round "8.15"]
[White "Hairul, Muhd Ilhan Mansiz"]
[Black "Gombocz, Ferenc Jr"]
[Result "0-1"]
[WhiteElo "1832"]
[BlackElo "2200"]
[PlyCount "80"]
[EventDate "2019.10.29"]
[EventType "team-swiss"]
[EventRounds "9"]
[EventCountry "TUR"]
[SourceTitle "CBM 192 Extra"]
[Source "Chessbase"]
[SourceDate "2019.11.06"]
[SourceVersion "1"]
[SourceVersionDate "2019.11.06"]
[SourceQuality "1"]
[WhiteTeam "Malaysia"]
[BlackTeam "Hungary"]
[WhiteTeamCountry "MAS"]
[BlackTeamCountry "HUN"]

1. d4 d5 2. c4 c6 3. e3 Nf6 4. Nc3 a6 5. Nf3 Bf5 6. Bd2 e6 7. Qb3 Ra7 8. Nh4 Be4 9. Rc1 Be7 10. f3 dxc4 11. Bxc4 Bd5 12. g3 Bxc4 13. Qxc4 b5 14. Qe2 0-0 15. 0-0 Rd7 16. Rfd1 Qb6 17. Be1 c5 18. dxc5 Bxc5 19. Bf2 Rfd8 20. Ng2 Nc6 21. Rxd7 Rxd7 22. Rd1 Rxd1+ 23. Qxd1 Ne5 24. Qe2 h6 25. b3 Qc6 26. Ne1 Bb4 27. f4 Bxc3 28. fxe5 Bxe5 29. Nf3 Bc3 30. Be1 b4 31. Bxc3 bxc3 32. Nd4 Qe4 33. Nc2 Ng4 34. h3 Ne5 35. Ne1 Nf3+ 36. Kf2 Nxe1 37. Qxe1 Qc2+ 38. Kf3 Qb2 39. Qd1 c2 40. Qd8+ Kh7 0-1

[Event "World ol U16"]
[Site "Corum"]
[Date "2019.11.01"]
[Round "5.17"]
[White "Hairul, Muhd Ilhan Mansiz"]
[Black "Magzumov, Damirali"]
[Result "1-0"]
[WhiteElo "1832"]
[BlackElo "1522"]
[PlyCount "81"]
[EventDate "2019.10.29"]
[EventType "team-swiss"]
[EventRounds "9"]
[EventCountry "TUR"]
[SourceTitle "CBM 192 Extra"]
[Source "Chessbase"]
[SourceDate "2019.11.06"]
[SourceVersion "1"]
[SourceVersionDate "2019.11.06"]
[SourceQuality "1"]
[WhiteTeam "Malaysia"]
[BlackTeam "Kazakhstan Karaganda"]
[WhiteTeamCountry "MAS"]
[BlackTeamCountry "KAZ"]

1. d4 Nf6 2. c4 e6 3. Nc3 Bb4 4. f3 d5 5. a3 Bxc3+ 6. bxc3 b6 7. cxd5 exd5 8. e3 0-0 9. Bd3 Re8 10. Ne2 Bb7 11. 0-0 Nbd7 12. Ng3 c5 13. Re1 Qc7 14. Bd2 Rad8 15. a4 h5 16. Qb1 h4 17. Nh1 Nf8 18. Nf2 Bc8 19. Qb2 Ne6 20. Rad1 Ng5 21. e4 Nfh7 22. e5 Qe7 23. f4 Ne6 24. Qb1 Nhf8 25. f5 Nc7 26. Qc1 Nh7 27. Nh3 f6 28. Nf4 fxe5 29. dxe5 Qf7 30. f6 gxf6 31. Bg6 Qg7 32. Bxe8 Rxe8 33. Nh5 Qg4 34. Nxf6+ Nxf6 35. exf6 h3 36. Rxe8+ Nxe8 37. g3 Qf3 38. f7+ Kg7 39. Bh6+ Kh7 40. Qc2+ Bf5 41. f8Q 1-0